Quizzes
Events
Quiz Creation
Community
Videos
Private Events
Remove Ads
Sign In
Join for FREE
Feedback
Dark Mode
Quiz Categories
Sports
Geography
Music
Movies
Television
Just For Fun
Miscellaneous
History
Literature
Language
Science
Gaming
Entertainment
Religion
Holiday
For Kids
Quiz Lab
Recent
Popular Today
Quiz Kudos Today
Editor Picks
Curator Picks
Quizzes by...
Day
Popularity
Type
Ratings
Length
Year
Community
Subscriptions
Recent Discussions
Orange Saloon
Badges
Playlists
Quests
Create
Leaderboards
Showdown
Live 5
Trivia Bingo
Activity
Puzzle Library
Sporcle Events
Private Events
Virtual Trivia
Globe League
Become a Host
Pub Owners
SporcleCon
Opinionation
Our Games
Videos
Blog
Mobile Apps
Partnerships
Remove Ads and Go Orange
Feedback
Sports
Athletes
MLB
NBA
NHL
NFL
Soccer
Sports Teams
WWE
NCAA
Football
Premier League
Basketball
Baseball
Hockey
Golf
Tennis
Cricket
Rugby
Auto Racing
Olympics
World Cup
Sports
Athletes
MLB
NBA
NHL
NFL
Soccer
Sports Teams
WWE
NCAA
Football
Premier League
Basketball
Baseball
Hockey
Golf
Tennis
Cricket
Rugby
Auto Racing
Olympics
World Cup
Random Quiz
Search Sporcle
×
Quiz Lab
Quiz Lab
Sports
MLB
Type in answers that appear in a list
Type in answers that appear in a list
Classic
Best Score? Go Orange.
Most All-Star Games Stats
Can you name the the player that was selected or played in the most MLB All-Star games by team?
By
bob4956
10m
30 Questions
69 Plays
69 Plays
69 Plays
Comments
Comments
Give Quiz Kudos
Give Quiz Kudos
-
- Ratings
hide this ad
More Info
Replay
Link that replays current quiz
Next Quiz
Link to next quiz in quiz playlist
You Got
0%
They Got
Avg Score
77%
Avg Friend Score
Upgrade to see
Score Distribution
Jump to the score distribution portion of the page
Score
0/30
Timer
10:00
0
Plays Today
Team
Player
% Correct
Baltimore Orioles
Cal Ripken
97.1%
Arizona Diamondbacks
Luis Gonzalez
95.7%
Atlanta Braves
Hank Aaron
95.7%
Boston Red Sox
Ted Williams
95.7%
New York Yankees
Mickey Mantle
94.2%
San Francisco Giants
Willie Mays
92.8%
Kansas City Royals
George Brett
91.3%
Houston Astros
Craig Biggio
89.9%
San Diego Padres
Tony Gwynn
89.9%
St. Louis Cardinals
Stan Musial
89.9%
Seattle Mariners
Ichiro Suzuki
88.4%
Chicago Cubs
Ernie Banks
87%
Cincinnati Reds
Johnny Bench
87%
Colorado Rockies
Todd Helton
87%
Philadelphia Phillies
Mike Schmidt
87%
Team
Player
% Correct
Pittsburgh Pirates
Roberto Clemente
85.5%
Minnesota Twins
Harmon Killebrew
81.2%
Detroit Tigers
Al Kaline
78.3%
Milwaukee Brewers
Paul Molitor
76.8%
Washington Nationals
Tim Raines
76.8%
Texas Rangers
Ivan Rodriguez
72.5%
Tampa Bay Rays
Carl Crawford
66.7%
Chicago White Sox
Nellie Fox
63.8%
New York Mets
Tom Seaver
63.8%
Oakland A's
Mark McGwire
60.9%
Cleveland Indians
Lou Boudreau
58%
Los Angeles Angels
Rod Carew
46.4%
Los Angeles Dodgers
Pee Wee Reese
42%
Toronto Blue Jays
Dave Stieb
36.2%
Miami Marlins
Miguel Cabrera
33.3%
Quiz Playlist
Details
Report
Send in Message
Add To Playlist
More Info:
***Teams include any prior cities they played in. eg. Washington INCLUDES Montreal, Los Angeles Dodgers INCLUDE Brooklyn, etc.
Classic:
Type in answers that appear in a list
Last Updated: Feb 16, 2017
Quiz Scoreboard
CHALLENGE
Sign Up to Join the Scoreboard
Show All
Scores
Hide
Comments
May contain spoilers
Recently Published
Movies - When Are They Set?
by FPL_Elf
Movies
5m
Popular People in 1961
by mucciniale
History
6m
1-10 Letter E Words III
by El_Dandy
Language
2m
More to Explore
Quiz From the Vault
Featured Blog Post
Where Did the Easter Bunny Come From?
hide this ad
You Might Also Like...
Tags
Baseball Quiz
MLB Quiz
All-Star
Today's Top Quizzes in Sports
Browse Sports
hide this ad
Today's Top Quizzes in MLB
Browse MLB
Top Contributed Quizzes in Sports
1
Les meilleurs buteurs des matchs entre le PSG et l’OM
2
Les entraîneurs de l'OM et du PSG au 21e siècle
3
FIFA Club World Cup Champions
4
2022 World Cup Stars
5
Name the Premier League winners with different clubs
6
La finale Lions - Afrique du Sud 2021
7
Criteria MLB: Left Handed Sluggers
8
Players with Multiple 50 Home Run Seasons
9
MLB Players with Two .350 Batting Average Seasons
10
MLB Hall of Famer by Rings
Explore More
Trending Topics
NBA
Kpop
Marvel
Harry Potter
Crossword
Anime
Disney
Song
NFL
Soccer
Country
Pokémon
The Office
Puzzle
WWE
hide this ad
More By:
bob4956
Quiz
Plays
Rating
Category
Featured
Created
Kiss Band Members
537
Music
Mar 25, 2012
400 HR One Team
268
3.50
Sports
Apr 29, 2012
No Hint Movie Quote
161
2.75
Movies
Apr 28, 2012
Most Hits By Team
157
4.00
Sports
Apr 25, 2012
Most 30/30 Seasons
115
3.00
Sports
Apr 23, 2012
Go to Creator's Profile
Score Distribution
Quiz Creator Spotlight
bob4956
Follow
Send a Message
Quizzes Created
-
Created Quiz Play Count
-
More By This Creator
Popular Quizzes Today
1
Find the US States - No Outlines Minefield
2
Find the Countries of Europe - No Outlines Minefield
3
The Countries of the World
4
Popular People in 1961
5
1-10 Letter E Words III
6
US States
7
Find the US States
8
One Thing in Common: World Cities II
More Sports Quizzes
Captains in Ligue 1 since 2010/11
Quiz Lab
Trending Quizzes
Risky Map Clicking: Least Populous States A-Z
1-10 Letter F Words
Humor Books: The Subtitles
1-10 Letter G Words
One Thing in Common: United Kingdom
Recently Updated
Leaping Animals
pecheneg
Reality TV Shows (A-Z)
bhenderson79
Rickey Henderson's Hall of Fame Teammates
pecheneg
Champions League XIs: Arsenal
pecheneg
Quick Pick: Celebrities in WWE's Hall of Fame
aduchscher
A-Z Keypad Blitz II
pecheneg
Multiple Oscar Actors
pecheneg
Mystery Phrase Blitz: Oscar 'Best Actors'
pecheneg
F. Scott Fitzgerald Novels
LTH
Pick 3 Villains
ddd62291
Trending Topics
Kpop
Harry Potter
Anime
NBA
Disney
Marvel
Crossword
Song
NFL
WWE
Puzzle
Country
Soccer
The Office
Pokémon
Your Account Isn't Verified!
In order to create a playlist on Sporcle, you need to verify the email address you used during registration. Go to your
Sporcle Settings
to finish the process.
Report this User
Report this user for behavior that violates our
Community Guidelines
.
Details:
Send Report
Go to the Sporcle.com Mobile Site →
Comments